| 000 | 01227cam a22003135a 4500 | ||
|---|---|---|---|
| 001 | 12652775 | ||
| 005 | 20171012141639.0 | ||
| 008 | 140318t2015 nyua frb 001 0 eng d | ||
| 020 | _z9780826119612 | ||
| 040 |
_aCaPaEBR _beng _epn _cCaPaEBR _dEG-ScBUE |
||
| 082 | 0 | 4 |
_222 _a610.73071 _bGAB |
| 100 | 1 | _aGaberson, Kathleen B. | |
| 245 | 1 | 0 |
_aClinical teaching strategies in nursing / _cKathleen B. Gaberson, Marilyn H. Oermann, Teresa Shellenbarger. |
| 250 | _a4th ed. | ||
| 260 |
_aNew York : _bSpringer Publishing Company, _cc.2015. |
||
| 300 |
_axiii, 380 p. : _bill. ; _c24 cm. |
||
| 504 | _aIncludes bibliographical references and index. | ||
| 506 | _aAccess restricted by licensing agreement. | ||
| 590 | _aAccess is available to the Yale community. | ||
| 650 | 7 |
_aNursing _xStudy and teaching. _2BUEsh _936329 |
|
| 651 | _2BUEsh | ||
| 653 |
_bNNUR _cOctober2017 |
||
| 655 |
_vReading book _934232 |
||
| 700 | 1 | _aOermann, Marilyn H. | |
| 700 | 1 | _aShellenbarger, Teresa. | |
| 776 | 0 | 8 |
_iPrint version: _aGaberson, Kathleen B. _tClinical teaching strategies in nursing. _bFourth edition. _dNew York : Springer Publishing Company, c2015 _hxiii, 380 pages _z9780826119612 _w2013047918 |
| 797 | 2 | _aebrary. | |
| 942 | _2ddc | ||
| 999 |
_c25483 _d25455 |
||